| 000 | 00685nam a2200229 a 4500 | ||
|---|---|---|---|
| 001 | BRCA_4827 | ||
| 005 | 20190320204825.0 | ||
| 008 | 760827s1937 mx-a######---#001-0#spa-# | ||
| 041 | _aspa | ||
| 044 | _amx | ||
| 050 | 4 |
_aF1226 _b.R66 1 1937 |
|
| 100 | 1 |
_aRomero de Terreros, Manuel _cMarqués de San Francisco _d1880-1968 _912235 |
|
| 245 | 1 | 0 |
_aCosas que fueron _cpor D. Manuel Romero de Terreros. |
| 260 |
_aMéxico _bImprenta de J. I. Muñoz _c1937 |
||
| 300 |
_a240 p. _bil., 9 láminas _c15 cm. |
||
| 500 | _aEstado físico: Cubierta deteriorada | ||
| 500 | _aEjemplar igual a F12 | ||
| 500 | _aCFG78 | ||
| 651 | 4 |
_aMéxico _xHistoria _9614 |
|
| 902 | _aGFM | ||
| 942 |
_2lcc _cB |
||
| 999 |
_c4523 _d4523 |
||